| 000 | 01161nam a2200349Ia 4500 | ||
|---|---|---|---|
| 001 | dia_1470 | ||
| 003 | CHAP | ||
| 005 | 20251023151850.0 | ||
| 008 | 220117s1965 xx 000 0 und d | ||
| 010 | _a172920 | ||
| 020 | _a978-607-400-550-9 | ||
| 040 | _cCHAP | ||
| 082 | _a808.839351 C35 C65 1965 | ||
| 100 |
_aCaldwell, Taylor _9152747 |
||
| 245 |
_aLa columna de hierro : Cicerón y el esplendor del imperio romano / _c Taylor Caldwell ; traducción Enrique de Obregón |
||
| 260 |
_aEspaña : _b Océano :, _b Maeva, _c1965 |
||
| 300 | _a837 p. | ||
| 500 | _aTítulo original: A pillar of iron | ||
| 503 | _aC. | ||
| 590 | _aPS3505.A54 C65 1965 | ||
| 650 |
_aCicero, Marcus Tullius _xFiction _9152748 |
||
| 650 |
_aCicerón, Marco Tullio _xNovela _9152749 |
||
| 650 |
_aEnglish literature _x20th century _9152750 |
||
| 650 |
_aFiction _9152751 |
||
| 650 |
_aLiteratura inglesa _xSiglo XX _9152752 |
||
| 650 |
_aNovela _982011 |
||
| 700 |
_aObregón, Enrique de, tr. _9152753 |
||
| 901 | _a808.839351 C35 C65 1965 | ||
| 902 | _aA | ||
| 905 | _a5232271965 sp x 9222223336spa16 | ||
| 942 |
_cLIBRO _2ddc |
||
| 999 |
_c172920 _d172920 |
||